000
00256nam a2200097Ia 4500
082
_a
EF FORD
245
0
_a
Bad wedding
100
_a
Forde, Catherine, , 1961- Edinburgh, 2009
_9
99462
942
_c
BK
008
210817s9999 xx 000 0 und d
999
_c
422320
_d
422319